000 00762nam a2200265 a 4500
001 63859
003 BD-RjUL
005 20211209081236.0
008 170204r19921986enkb b 001 0 eng d
020 _a041508489X
035 _aBD-RjUL63989
040 _aBD-RjUL
_beng
_cBD-RjUL
041 _aeng
082 _223
_a947.06
_bOKE 1992
090 _aDJK38.OKE
100 1 _aOkey, Robin.
_9189610
245 1 0 _aEastern Europe 1740-1985 :
_bfeudalism to communism /
_cRobin Okey
250 _a2nd ed
260 _aLondon :
_bRoutledge,
_c1992
300 _a283 p. :
_bill. ;
_c22 cm
500 _aFirst published: London : Hutchinson, 1986
504 _aIncludes bibliography and index
651 0 _aEurope, Eastern
_xHistory
_9189611
942 _2ddc
_cBK
999 _c63859
_d63859